000 00257nam a22001217a 4500
008 170621b xxu||||| |||| 00| 0 eng d
041 _aeng
080 _a94
100 _a20
101 _aSHH
245 _aTHE GLOBAL GRAPEVINE
_cALAN.G
942 _2udc
_cBK
999 _c18414
_d18414